000
00331nam a22001457a 4500
008
221025b ||||| |||| 00| 0 eng d
020
_a
978032305691985193023
041
_a
eng
080
_2
SEVENTH EDITION
_a
610.73
082
_a
610.73
100
_a
7
101
_a
INF
245
_a
BASIC NURSING
_c
POTTER P
942
_2
udc
_c
BK
999
_c
58676
_d
58676